Catéchisme positiviste

Gardado en:
Detalles Bibliográficos
Autor Principal: Comte, Auguste (Author)
Formato: Libro
Idioma:francés
Publicado: París Garnier-Flammarion 1966
Subjects:
Tags: Engadir etiqueta
Sen Etiquetas, Sexa o primeiro en etiquetar este rexistro!

MARC

LEADER 00000nam a2200000 a 4500
001 UCZ3033
003 CL-VaPUC
008 951013e19660000FR |||||||||||||||||fre|d
082 0 4 |a 146.4  |b COM  |2 21 
100 |a Comte, Auguste  |e author  |9 334591 
245 1 0 |a Catéchisme positiviste 
300 |a 314 p 
942 |c BK 
945 |d 19951013 00:00:00  |a cmena 
260 |a París  |b Garnier-Flammarion  |c 1966 
650 0 |a Positivismo  |9 269460 
650 0 |a Filosofía francesa   |9 255698 
650 0 |a Escuelas filosóficas   |9 266232 
583 |a last modification  |c 19951013 00:00:00  |k Rodrigo Vera 
999 |c 239563  |d 239561 
952 |0 0  |1 0  |4 0  |6 146_400000000000000_COM_1966  |7 0  |8 P  |9 250810  |a BIBEDU  |b BIBEDU  |c BIBEDU_PB  |d 2019-11-18  |i 1583204  |o 146.4 COM 1966  |p 1583204  |r 2024-01-25  |w 2019-11-18  |y BK  |k FIL 
952 |0 0  |1 0  |2 ddc  |4 0  |6 146_400000000000000_COM_1966  |7 0  |8 A  |9 250811  |a BIBART  |b BIBART  |d 2019-11-18  |i 1205161  |o 146.4 COM 1966  |p 1205161  |r 2023-01-11  |w 2019-11-18  |y BK  |k ART